书目信息 |
| 题名: |
纺织材料学
|
|
| 作者: | 姚穆 主编 | |
| 分册: | ||
| 出版信息: | 北京 中国纺织出版社 2015 |
|
| 页数: | 10, 386页 | |
| 开本: | 26cm | |
| 丛书名: | ||
| 单 册: | ||
| 中图分类: | TS102 | |
| 科图分类: | ||
| 主题词: | 纺织纤维--fang zhi xian wei--材料科学--高等学校--教材 | |
| 电子资源: | ||
| ISBN: | 978-7-5180-1028-8 | |
| 000 | 00956nam0 2200277 450 | |
| 001 | 012001001325 | |
| 005 | 20191122090410.56 | |
| 010 | @a978-7-5180-1028-8@dCNY43.00 | |
| 099 | @aCAL 012015038548 | |
| 100 | @a20150116d2015 em y0chiy50 ea | |
| 101 | 0 | @achi |
| 102 | @aCN@b110000 | |
| 105 | @aak a 000yy | |
| 106 | @ar | |
| 200 | 1 | @a纺织材料学@Afang zhi cai liao xue@f姚穆主编 |
| 205 | @a第4版 | |
| 210 | @a北京@c中国纺织出版社@d2015 | |
| 215 | @a10, 386页@c图@d26cm | |
| 300 | @a“十二五”普通高等教育本科国家级规划教材 教育部普通高等教育精品教材 | |
| 320 | @a有书目 | |
| 330 | @a本书介绍了纺织纤维、纱线、织物的分类、形态、结构以及它们的力学、热学、电磁学、光学等性能和织物服用性能,并分析了各种性能的主要牲指标、测试方法及影响因素。 | |
| 606 | 0 | @a纺织纤维@Afang zhi xian wei@x材料科学@x高等学校@j教材 |
| 690 | @aTS102@v5 | |
| 701 | 0 | @a姚穆@Ayao mu@4主编 |
| 801 | 0 | @aCN@b北京卓展@c20191020 |
| 905 | @b1198013-6@dTS102@e22=4@f4 | |
| 纺织材料学/姚穆主编.-第4版.-北京:中国纺织出版社,2015 |
| 10, 386页:图;26cm |
| “十二五”普通高等教育本科国家级规划教材 教育部普通高等教育精品教材 |
| ISBN 978-7-5180-1028-8:CNY43.00 |
| 本书介绍了纺织纤维、纱线、织物的分类、形态、结构以及它们的力学、热学、电磁学、光学等性能和织物服用性能,并分析了各种性能的主要牲指标、测试方法及影响因素。 |
| ● |
| 相关链接 |
|
|
|
|
正题名:纺织材料学
索取号:TS102/22=4
 
预约/预借
| 序号 | 登录号 | 条形码 | 馆藏地/架位号 | 状态 | 备注 |
| 1 | 1198013 | 211980132 | 第二样本阅览室/ [索取号:TS102/22=4] | 在馆 | |
| 2 | 1198014 | 211980141 | 第三借阅区/ [索取号:TS102/22=4] | 在馆 | |
| 3 | 1198015 | 211980150 | 第三借阅区/ [索取号:TS102/22=4] | 在馆 | |
| 4 | 1198016 | 211980169 | 第三借阅区/ [索取号:TS102/22=4] | 在馆 |